000 00728cam a2200205 4500
001 5050
005 20181127174656.0
008 070627s2006 bt a b f001 0 eng
010 _a 2007388230
020 _a9789993665854
043 _aa-bt---
100 0 _aLungten Dubgyur.
245 1 0 _aThe wheel of laws :
_ban insight into the origin of Buddhist Kingship, Constitution and Judicial independence in Bhutan /
_cLungten Dubgyur.
250 _a1st ed.
260 _aThimphu :
_bRoyal Court of Justice,
_c2015.
300 _axiii 157 p. :
_bill. (chiefly col.) ;
_c25 cm.
504 _aIncludes bibliographical references (p. 146) and index.
650 0 _aCriminal procedure
_zBhutan.
710 1 _aBhutan.
_bRoyal Court of Justice
999 _c4220
_d4220